Análisis de la formación y el perfeccionamiento de educadores: informe final
Salvato in:
| Natura: | Libro |
|---|---|
| Lingua: | spagnolo |
| Pubblicazione: |
Santiago
CPEIP
1986
|
| Soggetti: | |
| Tags: |
Aggiungi Tag
Nessun Tag, puoi essere il primo ad aggiungerne!!
|
MARC
| LEADER | 00000nam a2200000 a 4500 | ||
|---|---|---|---|
| 001 | UCY7454 | ||
| 003 | CL-VaPUC | ||
| 005 | 20220506074557.0 | ||
| 008 | 950614e19860000cl 1 spa d | ||
| 082 | 0 | 4 | |a 370.71 |b ANA |2 21 |
| 245 | 1 | 0 | |a Análisis de la formación y el perfeccionamiento de educadores: informe final |
| 260 | |a Santiago |b CPEIP |c 1986 | ||
| 300 | |a 82 p | ||
| 583 | |a last modification |c 19950614 00:00:00 |k Rodrigo Vera | ||
| 650 | 0 | 0 | |a Formación profesional de profesores |9 307493 |
| 650 | 0 | 7 | |a CAPACITACION DEL PERSONAL DE EDUCACION |2 CL-VaPUC |9 335008 |
| 650 | 0 | 0 | |a Formación de docentes |9 329378 |
| 942 | |c BK | ||
| 945 | |a rbrito |d 19950614 00:00:00 | ||
| 546 | |a En Español | ||
| 518 | |p Jornadas de Análisis de la Formación y Perfeccionamiento de Educadores, Santiago, 5 y 6 de Diciembre de 1985 | ||
| 999 | |c 382387 |d 382385 | ||
| 952 | |0 0 |1 0 |4 0 |6 370_710000000000000_ANA_1986 |7 0 |8 A |9 504054 |a BIBEDU |b BIBEDU |c ES_NOD |d 2020-01-23 |i 2002957 |o 370.71 ANA 1986 |p 2002957 |r 2023-08-09 |w 2020-01-23 |y BK |k EDU | ||
| 952 | |0 0 |1 0 |4 0 |6 370_710000000000000_ANA_1986 |7 0 |8 A |9 504055 |a BIBEDU |b BIBEDU |c ES_NOD |d 2020-01-23 |i 3347826 |o 370.71 ANA 1986 |p 3347826 |r 2023-08-09 |w 2020-01-23 |y BK |k EDU | ||